University Home | Library Home | Institutional Repository

201 Chinese verbs : (Record no. 95300)

MARC details
000 -LEADER
fixed length control field 00489cam0a220018100 4500
001 - CONTROL NUMBER
control field tmp15754196
003 - CONTROL NUMBER IDENTIFIER
control field UPRA
005 - DATE AND TIME OF LATEST TRANSACTION
control field 20190819085729.0
008 - FIXED-LENGTH DATA ELEMENTS--GENERAL INFORMATION
fixed length control field 951020s1977 xx eng u
035 ## - SYSTEM CONTROL NUMBER
System control number (Sirsi) r42032
035 ## - SYSTEM CONTROL NUMBER
System control number (UPRA)tmp15754196
040 ## - CATALOGING SOURCE
Transcribing agency UPRA
100 1# - MAIN ENTRY--PERSONAL NAME
Personal name Ching, Eugene.
Linkage A102343.1
245 10 - TITLE STATEMENT
Title 201 Chinese verbs :
Remainder of title compounds and phrases for everyday usage.
260 ## - PUBLICATION, DISTRIBUTION, ETC.
Date of publication, distribution, etc. 1977.
949 ## - LOCAL PROCESSING INFORMATION (OCLC)
a PL1235
w lcc
i -51189
m MAIN
p 5000
t BOOK
l ON-SHELF

No items available.

© 2026 - The University of Zambia Library - Koha v25.11